00406nam a2200169Ia 4500003000400000005001700004008004100021020001500062050002400077100001600101245003000117260003500147300003300182440000600215521000700221526000800228OSt20140312082339.0140130s9999 xx 000 0 und d a0590521616 aPZ 7b.C8185Bi 1999 aCosby, Bill aMy big lie /cBill Cosby. bScholastic,c1999.anew York : a25 p. :bcol. ill. ;c24 cm. v1 aG2 c400